| 000 | 00727nam a22002177a 4500 | ||
|---|---|---|---|
| 999 |
_c11687 _d11687 |
||
| 003 | AR-CdUCM | ||
| 008 | 190404b ||||| |||| 00| 0 spa d | ||
| 040 |
_aMUNICIPALIDAD PROVINCIAL DEL CUSCO _cBIBLIOTECA MUNICIPAL DEL CUSCO |
||
| 082 |
_a869.26 / _bC33 / 1954 |
||
| 100 |
_aCastelpoggi, Atilio Jorge _929175 |
||
| 245 |
_aLos hombres del subsuelo : _bSeñal en el alba / |
||
| 260 |
_aArgentina : _bTall. Graf. Lorenzo, _c1954. |
||
| 300 |
_a52 páginas ; _bilustraciones, _c33 cm. |
||
| 505 | _aContenido: Poesías. | ||
| 650 |
_aLiteratura Argentina _984 |
||
| 650 |
_aPoesías _92272 |
||
| 650 |
_aSiglo XX _98 |
||
| 700 |
_aBreglia Arias, Omar (tipografia) _929176 |
||
| 942 |
_2ddc _cLIBROS |
||
| 945 |
_aachl _d2019-04-04 |
||